00485nam a2200157Ia 45000030006000000080041000060400015000471000031000622450034000932600026001275460012001539420012001659990017001770050017001949520116002110STCL150530s9999 xx 000 0 und d aSTCLcSTCL aEliot, T.S.; Roger Kojecky aEliots, T.S. social criticism bFaber and Faberc1971 aEnglish 2ddccBK c51094d5109420220125170835.0 00102ddc4070aSTCALbSTCALcGENd2015-05-30g3.00l0o820.9-1365p17063r2015-05-30 00:00:00w2015-05-30yBK